000 00367 a2200157 4500
001 61596
020 _a9788510050418
040 _cAnchieta - Pituba
100 _aGuerreiro, Thales Adriano
240 1 0 _aTempo de história, 9º ano
_lpor
245 1 0 _aTempo de história, 9º ano
300 _a304
362 0 _a2011
650 4 _aHistória do mundo
942 _cBK
999 _c61596
_d61596